• 首页
  • 本馆介绍
  • 公告通知
  • 最新文献
  • 馆藏检索
  • 电子资源
  • 读者导购
  • 参考咨询
  • 我的图书馆
  • 登录
  • 详细信息显示
  • 放入我的书架
  • 预约/预借图书
  • 作者相关作品
  • 分类相关作品
  • 丛书相关作品
  • 出版社相关作品

书目信息

  • 表格格式
  • 工作单格式
  • 卡片格式
题名:
印度独立运动
    
 
作者: 尚劝余 著
分册:  
出版信息: 北京   北京师范大学出版社  2016.12
页数: 364页
开本: 17cm
丛书名: 世界史丛书
单 册:
中图分类: K351.43-49
科图分类:
主题词: 民族解放运动--印度--1859--1947--通俗读物
电子资源:
ISBN: 978-7-303-21505-8
000 01460oam2 2200253 45
001 012001002294
005 20140926114740.0
010    @a978-7-303-21505-8@dCNY50.00
100    @a20161102d2016 em y0chiy0110 ea
101 0  @achi
102    @aCN@b110000
105    @ay z 000yy
106    @ar
200 1  @a印度独立运动@9yin du du li yun dong@f尚劝余等著@FShang Quan Yu Deng Zhu@PSQYDZ
210    @a北京@c北京师范大学出版社@d2016.12
215    @a364页@d17cm
225 2  @a世界史丛书
330    @a本书叙述了印度的独立运动的历程。1.紧扣2011年3月习近平关于学点历史的讲话,丛书名定位为“学点世界历史”,力争有影响人物题字题词或作序。2.世界历史丛书共36册,选取了世界古代到世界现代历史进程中所发生的重大的标志性事件,集世界历史中的重大专题于一体,地域上包括欧、美、亚、非几个大洲。这36卷本之间既互有联系,又可独立成篇,3.这套丛书以普及世界历史知识为目的,内容要求有学术深度,写法则力求深入浅出,明白易懂,以期引起广大读者的兴趣。本套丛书力求通俗性、普及性和学术性、专业性兼顾。 4.这套丛书是一套“非通史的通史”,比通史编写等操作容易。本丛书策划出版的可行性较强。虽然本书册数较多,但相关研究比较成熟,可按期出版。 5.本书可与本人将策划的另一中国通史系列,以及其他历史著作一起,为北京师范大学出版社历史学科出版建设搭建平台。
461  0 @12001 @a世界史丛书
606 0  @a民族解放运动@y印度@x1859@x1947@x通俗读物
690    @aK351.43-49@v5
701  0 @a尚劝余@9shang quan yu deng@4著
801  0 @aCN@b上海新华@c20180901
905    @b1160491-5@dK351.43-49@e23@f5
    
    印度独立运动/尚劝余等著.-北京:北京师范大学出版社,2016.12
    364页;17cm.-(世界史丛书)
    
    
    ISBN 978-7-303-21505-8:CNY50.00
    本书叙述了印度的独立运动的历程。1.紧扣2011年3月习近平关于学点历史的讲话,丛书名定位为“学点世界历史”,力争有影响人物题字题词或作序。2.世界历史丛书共36册,选取了世界古代到世界现代历史进程中所发生的重大的标志性事件,集世界历史中的重大专题于一体,地域上包括欧、美、亚、非几个大洲。这36卷本之间既互有联系,又可独立成篇,3.这套丛书以普及世界历史知识为目的,内容要求有学术深度,写法则力求深入浅出,明白易懂,以期引起广大读者的兴趣。本套丛书力求通俗性、普及性和学术性、专业性兼顾。 4.这套丛书是一套“非通史的通史”,比通史编写等操作容易。本丛书策划出版的可行性较强。虽然本书册数较多,但相关研究比较成熟,可按期出版。 5.本书可与本人将策划的另一中国通史系列,以及其他历史著作一起,为北京师范大学出版社历史学科出版建设搭建平台。
●
相关链接 在E读中查询图书 在五车中查询图书 在当当中查询图书 在豆瓣中查询图书


正题名:印度独立运动     索取号:K351.43-49/23         预约/预借

序号 登录号 条形码 馆藏地/架位号 状态 备注
1 1160491   211604913   第二样本阅览室/ [索取号:K351.43-49/23] 在馆    
2 1160492   211604922   第二借阅区/ [索取号:K351.43-49/23] 在馆    
3 1160493   211604931   密集书库-史法系/ [索取号:K351.43-49/23] 在馆    
4 1160494   211604940   第二借阅区/ [索取号:K351.43-49/23] 在馆    
5 1160495   211604959   第二借阅区/ [索取号:K351.43-49/23] 在馆    
唐山师范学院图书馆 欢迎您!
大连网信软件有限公司© 版权所有